| 000 | 00436nam a2200157 i 4500 | ||
|---|---|---|---|
| 001 | 91243 | ||
| 003 | ES-MaACL | ||
| 005 | 20230906180655.0 | ||
| 007 | t| | ||
| 008 | 050128s1972 sp ||||1| spa d | ||
| 100 | 1 |
_aLepage, Laurette. _971716 |
|
| 245 | 1 | 4 |
_aLas comunidades _b: ¿sectas o fermentos? / _cLaurette Lepage. |
| 260 |
_aBilbao : _bMensajero, _c[1972] |
||
| 300 |
_a134 p. ; _c20 cm. |
||
| 852 |
_aES-MaACL _jC-50121 _bR.82604 |
||
| 999 |
_c91243 _d91243 |
||